000 00215 a2200109 4500
020 _a9789505111923
041 _aspa
100 _aJulio Cortazar
245 _aTodos los fuegos el fuego
942 _cBK
952 _71
999 _c22455
_d22455